Introducción al derecho

Uloženo v:
Podrobná bibliografie
Hlavní autor: Latorre, Ángel (Autor)
Médium: Kniha
Jazyk:španělština
Vydáno: Barcelona Ariel 1976
Vydání:7a. ed
Edice:Ariel quincenal
Témata:
Tagy: Přidat tag
Žádné tagy, Buďte první, kdo vytvoří štítek k tomuto záznamu!

MARC

LEADER 00000nam a2200000 a 4500
001 UCS9455
003 CL-VaPUC
008 971113e19760000SP |||||||||||||||||spa|d
082 0 4 |a 340.1  |b LAT  |2 21 
100 |a Latorre, Ángel  |e author  |9 598707 
245 1 0 |a Introducción al derecho 
250 |a 7a. ed 
300 |a 235 p 
942 |c BK 
945 |d 19971113 00:00:00  |a aolguin 
260 |a Barcelona  |b Ariel  |c 1976 
650 0 |a Teoría del derecho  |9 255982 
650 0 |a Razón   |9 314475 
650 7 |a DEFINICION  |2 CL-VaPUC  |9 394454 
650 0 |a Fuentes del derecho   |9 255162 
650 0 |a Aplicación del derecho  |9 381025 
650 0 |a Ciencia del Derecho  |9 391907 
650 7 |a OBJETO  |2 CL-VaPUC  |9 358634 
650 0 |a Ciencia del Derecho  |9 391907 
650 7 |a DERECHO  |2 CL-VaPUC  |9 394455 
583 |a last modification  |c 19971113 00:00:00  |k Rodrigo Vera 
490 0 |a Ariel quincenal 
999 |c 263256  |d 263254 
952 |0 0  |1 0  |4 0  |6 340_100000000000000_LAT_1976  |7 0  |8 DER_TF  |9 292448  |a BIBDER  |b BIBDER  |d 2019-11-19  |i 1897373  |o 340.1 LAT 1976  |p 1897373  |r 2023-01-25  |w 2019-11-19  |x Ubicación 4to Piso  |y BK  |z Estos recursos deben solicitarse con anticipación  |k DER 
952 |0 0  |1 0  |4 0  |6 340_100000000000000_LAT_1976  |7 0  |8 A  |9 292449  |a BIBDER  |b BIBDER  |d 2019-11-19  |i 195413K  |o 340.1 LAT 1976  |p 195413K  |r 2023-01-25  |w 2019-11-19  |y BK  |k DER